000
00335 a2200157 4500
001
162805
020
_a
040
_c
Magnum
100
_a
Caldas, Pablo
240
1
0
_a
The happiest evening ever
_l
ING
245
1
0
_a
The happiest evening ever
362
0
_a
1899
440
1
_a
FTD
697
_a
LITERATURA ESTRANGEIRA
942
_c
BK
999
_c
162805
_d
162805